000 00296nam a22001337a 4500
008 170503b xxu||||| |||| 00| 0 eng d
020 _a9780769849027
041 _aeng
080 _23 ED
_a343
100 _a13
101 _aSHJ
245 _aCAPITAL PUNISHMENT
_cCARTER.L.E
942 _2udc
_cBK
999 _c12590
_d12590